000 00393nam a22001697a 4500
005 20160624094444.0
008 160624b xxu||||| |||| 00| 0 eng d
020 _a81-297-085
041 _aeng
082 _b9672
100 _aRowe, Alan, J
_9254
245 _aCreative Intelligence
260 _bPearson Education Delhi
_c2005
300 _a142
650 _aManagement
_9241
942 _cBK
999 _c3745
_d3744